| 000 | 00642nam a22002057a 4500 | ||
|---|---|---|---|
| 999 |
_c61862 _d61862 |
||
| 005 | 20240530122204.0 | ||
| 008 | 240530s2005 enk||||| |||| 00| 0 eng d | ||
| 020 | _a9780443074363x | ||
| 041 | _aeng | ||
| 080 | _a616-053.3 T-46 | ||
| 100 |
_aThomas, Roslyn _922237 |
||
| 245 |
_aPaediatrics and Neonatology In Focus / _cThomas Roslyn, David R. Harvey. |
||
| 250 | _a1st Edition | ||
| 264 |
_aEdinburgh : _bElsevier, _c2005. |
||
| 300 |
_a274 p.: _bill.; _c19 cm. |
||
| 653 | _aპედიატრია | ||
| 653 | _aმედიცინა | ||
| 700 |
_aHarvey, David R. _eავტორი _922238 |
||
| 942 |
_2udc _cᲬᲘᲒᲜᲘ |
||